000 00595nam a2200169 a 4500
001 000021149
005 20200930011238.0
008 100901s1997 dr a 000 0 spa d
040 _aDO-SdBNP
_bspa
_cBNPHU
082 _axxx
_bA696e
100 1 _aArias, Ana Luisa
_944219
245 1 0 _aExpresión dramática creativa :
_bmanual y programación, educación integral /
_cAna Luisa Arias.
260 _aSanto Domingo :
_bImpresos Computarizados,
_c1997.
300 _a175 p. :
_bil. ;
_c14 cm.
500 _aIncluye datos biográficos de la autora en las solapas
504 _aBibliografías p: 168-170
999 _c20651
_d20651